000 00512nam a2200181Ia 4500
008 240925s9999 xx 000 0 und d
020 _a9781292108711
082 _a621.382 BEA
100 _aBeard, Cory ; Stallings, William
245 0 _aWireless Communication Networks and Systems
250 _aNA
260 _aLondon:
_bPearson Prentice Hall
_c,2016.
300 _axiv, 414p.
_b0
_fOriginal
500 _aIncludes Index
600 _aTelecommunication Engineering
650 _aTechnology
942 _cBK
999 _c17313
_d17313